The geology and mineral resources of the Karak and Temerloh Areas, Pahang

Bibliographic Details
Main Author: JAAFAR bin Ahmad
Format: Book
Published: Kuala Lumpur : Ministry of Lands and Mines , 1976
Series:Geological Survey District memoir; 15
Subjects:

MARC

LEADER 00000cam a2200000 7i4500
001 0000002768
005 20040108.0
090 0 0 |a R555.951123   |b JAA 1976 
100 0 0 |a JAAFAR bin Ahmad 
245 1 4 |a The geology and mineral resources of the Karak and Temerloh Areas, Pahang   |c by Jaafar bin Ahmad 
260 0 0 |a Kuala Lumpur :   |b Ministry of Lands and Mines ,   |c 1976 
300 |a xvii, 138 p. :   |b ill., maps, 2 folded maps ;   |c 25 cm. 
440 0 0 |a Geological Survey District memoir; 15 
500 0 0 |a Bibliography : p. 125-126 
650 0 0 |a Geology   |z Malaysia   |z Pahang 
650 0 0 |a Mines and natural resources   |z Malaysia   |z Pahang 
998 |a JPSM 
999 |a 0000004403   |b Monograph   |c Reference   |e Default branch